AH International Schools' Libraries

(Khmer) raising your kids to be a good people: (Record no. 50038)

MARC details
000 -LEADER
fixed length control field 00328nam a2200097 4500
020 ## - INTERNATIONAL STANDARD BOOK NUMBER
International Standard Book Number 9789924579748
245 ## - TITLE STATEMENT
Title (Khmer) raising your kids to be a good people:
Remainder of title 100 questions and answers for raising children to be good citizens /
Statement of responsibility, etc Chum Seiha.
260 ## - PUBLICATION, DISTRIBUTION, ETC. (IMPRINT)
Place of publication, distribution, etc Cambodia:
Name of publisher, distributor, etc Sipar;
Date of publication, distribution, etc 2025.
300 ## - PHYSICAL DESCRIPTION
Dimensions 20 cm.
942 ## - ADDED ENTRY ELEMENTS (KOHA)
Source of classification or shelving scheme
Koha item type Khmer NON FIC Books
Holdings
Withdrawn status Lost status Source of classification or shelving scheme Damaged status Not for loan Collection code Home library Current library Date acquired Total Checkouts Full call number Barcode Date last seen Date checked out Price effective from Koha item type
          Siem Riep Asian Hope Secondary Library Asian Hope Secondary Library 01/13/2026 3 KHMER 649.7 CHU 210181 03/31/2026 03/24/2026 01/13/2026 Khmer NON FIC Books

For any Logos Library related questions please contact Miss Art at swongnarasuk@asianhope.org.

For any Asian Hope Library related questions please contact Miss Raza at graza@asianhope.org.

Click here to explore our ebooks!

Powered by Koha